TV Network Logos Quiz Stats

 Plays Quiz Updated Oct 14, 2016

Score 0/20 Timer 04:00
18 Plays Today
Logo Network % Correct
Cartoon Network
94.2%
History Channel
94.2%
The Disney Channel
93.9%
NBC
93.5%
ABC
91.6%
HBO
90.7%
PBS
88%
CBS
86.9%
Animal Planet
81.6%
Discovery Channel
81.5%
Logo Network % Correct
Nickelodeon
79.3%
E!: Entertainment
78.2%
Comedy Central
72.8%
The CW
71%
VH1
64.7%
Travel Channel
62.8%
NFL Network
58.2%
Bravo
56.7%
FX
51.2%
TNT
27.8%

You're not logged in!

Compare scores with friends on all Sporcle quizzes.
OR
Log In

Sporcle TV

Today on Sporcle TV


Watch our educational content, quiz creation guides, and fun videos on Sporcle TV.

Show Comments

Extras

Top Quizzes Today


Score Distribution

Your Account Isn't Verified!

In order to create a playlist on Sporcle, you need to verify the email address you used during registration. Go to your Sporcle Settings to finish the process.

Report this User

Report this user for behavior that violates our Community Guidelines.

Details: